Industrial electrostatic precipitation

Guardat en:
Dades bibliogràfiques
Autor principal: White, Harry J (Autor)
Format: Llibre
Idioma:anglès
Publicat: Reading Addison-Wesley 1963
Matèries:
Etiquetes: Afegir etiqueta
Sense etiquetes, Sigues el primer a etiquetar aquest registre!

MARC

LEADER 00000nam a2200000 a 4500
001 UCU5245
003 CL-VaPUC
008 960531e19630000US |||||||||||||||||eng|d
082 0 4 |a 537.2  |b WHI  |2 21 
100 0 |a White, Harry J  |e author  |9 363143 
245 1 0 |a Industrial electrostatic precipitation 
300 |a 376 p 
942 |c BK 
945 |d 19960531 00:00:00  |a paguirre 
260 |a Reading  |b Addison-Wesley  |c 1963 
650 7 |a ELECTROSTATICA  |2 CL-VaPUC  |9 363144 
650 0 |a Electricidad  |9 260222 
650 7 |a PROPIEDADES DIELECTRICAS  |2 CL-VaPUC  |9 351593 
650 0 |a Energía eléctrica  |9 256678 
583 |a last modification  |c 19960531 00:00:00  |k Rodrigo Vera 
999 |c 248669  |d 248667